Southville International School and Colleges
Your cart is empty.
  • Cart
  • Lists
    Public lists Eva Luna New books Lux_list list_1
    Your lists Log in to create your own lists
  • Log in to your account
  • Your cookies
  • Search history
Southville International School and Colleges
  • Advanced search
  • Recent comments
  • Most popular
  • Libraries

Log in to your account

Log in with GOOGLE


If you do not have an external account, but do have a local account, you can still log in:

  1. Home
  2. MARC view: Learning to live with osteoarthritis /
Normal view MARC view ISBD view

Learning to live with osteoarthritis / (Record no. 10444)

[ view plain ]
MARC details
000 -LEADER
fixed length control field 00594nam a22001937a 4500
003 - CONTROL NUMBER IDENTIFIER
control field SISC
005 - DATE AND TIME OF LATEST TRANSACTION
control field 20160204092542.0
008 - FIXED-LENGTH DATA ELEMENTS--GENERAL INFORMATION
fixed length control field 130906t xxu||||| |||| 00| 0 eng d
050 ## - LIBRARY OF CONGRESS CALL NUMBER
Classification number RC 931
Item number .L438 1983
082 ## - DEWEY DECIMAL CLASSIFICATION NUMBER
Classification number HS 613.7
Item number Le47 1983
245 ## - TITLE STATEMENT
Title Learning to live with osteoarthritis /
260 ## - PUBLICATION, DISTRIBUTION, ETC. (IMPRINT)
Place of publication, distribution, etc Washington, D.C :
Name of publisher, distributor, etc Medicine In the Public Internet, Inc,
Date of publication, distribution, etc c1983.
300 ## - PHYSICAL DESCRIPTION
Extent 62 p. :
Other physical details ill. ;
Dimensions 23 cm.
650 ## - SUBJECT ADDED ENTRY--TOPICAL TERM
Topical term or geographic name as entry element Osteoathritis
9 (RLIN) 16716
650 ## - SUBJECT ADDED ENTRY--TOPICAL TERM
Topical term or geographic name as entry element Osteoarthritis
General subdivision patients
-- Rehabilitation.
9 (RLIN) 16717
650 ## - SUBJECT ADDED ENTRY--TOPICAL TERM
Topical term or geographic name as entry element Exercise therapy.
9 (RLIN) 16718
942 ## - ADDED ENTRY ELEMENTS (KOHA)
Source of classification or shelving scheme Library of Congress Classification
Koha item type Books
Holdings
Withdrawn status Lost status Source of classification or shelving scheme Damaged status Home library Current library Shelving location Date acquired Total Checkouts Full call number Barcode Date last seen Copy number Price effective from Koha item type
    Library of Congress Classification   Luxembourg Library Luxembourg Library High School Section 09/06/2013   RC 931 .L438 1983 0241 09/06/2013 1 09/06/2013 Books

Learning to live with osteoarthritis /

APA

(1983). Learning to live with osteoarthritis. Washington, D.C: Medicine In the Public Internet, Inc.

Chicago

1983. Learning to live with osteoarthritis. Washington, D.C: Medicine In the Public Internet, Inc.

Harvard

(1983). Learning to live with osteoarthritis. Washington, D.C: Medicine In the Public Internet, Inc.

MLA

Learning to live with osteoarthritis. Washington, D.C: Medicine In the Public Internet, Inc. 1983.

  • Place hold
  • Print
  • Cite
  • Add to your cart (remove)
  • Save record
    BIBTEX Dublin Core MARCXML MARC (non-Unicode/MARC-8) MARC (Unicode/UTF-8) MARC (Unicode/UTF-8, Standard) MODS (XML) RIS
  • More searches
    Search for this title in:
    Other Libraries (WorldCat) Other Databases (Google Scholar) Online Stores (Bookfinder.com) Open Library (openlibrary.org)

Exporting to Dublin Core...

SOUTHVILLE LIBRARY

Southville International School and Colleges Library

1281 Tropical Ave. Cor. Luxembourg St., BF Homes International, Las Pinas City

Tel. No. 8256374 / 252358 Loc. 117/146

Powered by Koha